Music Quiz

Random Music or Song Quiz

3 Songs, 1 Missing Word VI Quiz Stats

 Plays Quiz Updated Dec 15, 2017

Score 0/33 Timer 05:00
6 Plays Today
% Correct
Ice
95.3%
Dead
94.8%
Hotel
94.5%
Happy
94.1%
Miles
93.8%
Walk
93.4%
Loved
93.1%
Killing
92.5%
Miss
92%
Help
91.6%
Save
91.6%
Hold
91.5%
Down
91.4%
Fools
91.2%
World
90.9%
Church
90.6%
Proud
90.4%
% Correct
Lonely
89.9%
Away
88.8%
Tree
88.4%
Smoke
88.4%
Woman
88.3%
Hurts
87.9%
Ghost
87.9%
Fine
87.3%
Sweat
86.8%
Ready
86.5%
Hero
86.4%
Train
84.9%
Edge
84.4%
Brain
83.8%
Box
82.1%
Boat
80.7%

You're not logged in!

Compare scores with friends on all Sporcle quizzes.
OR
Log In

You Might Also Like...

Show Comments

Extras

Top Quizzes Today


Score Distribution

Your Account Isn't Verified!

In order to create a playlist on Sporcle, you need to verify the email address you used during registration. Go to your Sporcle Settings to finish the process.

Report this User

Report this user for behavior that violates our Community Guidelines.

Details: